La réponse termine par V - Statistiques

Statistiques générales
  • Ce quiz a été pris 457 fois
  • Le résultat moyen est 10 sur 20
Statistiques - réponses
Indices Réponses % Correct
Capitale de l'Ukraine Kiev
98%
Abréviation de l'appareil permettant de regarder des émissions ou le journal TV
96%
Acronyme de train français très rapide TGV
91%
Acronyme du document que l'on présente lors d'une recherche d'emploi CV
85%
Acronyme anglophone du virus responsable du SIDA HIV
74%
Arme incendiaire artisanale composé d'un morceau de tissu, d'un liquide inflammable et d'une bouteille en verre Cocktail Molotov
70%
Chanteur français interprète des chansons Outété, Tahiti et J'aimerais Trop Keen'V
69%
Acronyme du service d'une entreprise après l'achat par un client de l'un de leur produit SAV
63%
Homme d'État soviétique puis russe ayant un angiome sur le crâne Mikhaïl Gorbatchev
59%
Fusil d'assaut automatique également nommé AK-47 Kalachnikov
56%
Marque française de vodka numéro 1 des parts de marché en France Poliakov
53%
Ville côtière Israélienne surnommée la ville sans interruption Tel-Aviv
53%
Créateur du tableau périodique des éléments Dmitri Mendeleïev
49%
En football, prénom de l'unique gardien ayant remporté le Ballon d'or Lev
32%
Soeur jumelle de Maddie dans une série où Dove Cameron interprète les deux soeurs Liv
24%
Nom complet du héros de la saga littéraire et vidéoludique The Witcher Geralt de Riv
22%
Expression revenant à plusieurs reprises dans un texte et qui représente une idée, un concept ou un personnage Leitmotiv
22%
Médecin et physiologiste russe, lauréat du prix Nobel de physiologie ou médecine en 1904 Ivan Pavlov
6%
Dans Miraculous, robot créé par Max Kanté et qui a été akumatisé en Robostus Markov
2%
Ingénieur russe fondateur du programme spatial soviétique Sergueï Korolev
2%
Aucun quiz correspondant
Distribution des résultats
% des personnes avec chaque résultat
Percentile par nombre de réponses
Votre historique - résultats
Vous n’avez pas pris ce quiz